00270nam a2200109Ia 4500008004000000041000800040082001100048100002800059245001700087260003900104650001700143210210b1921 xxu||||| |||| 00| 0 eng d aeng a485/20 aAcharya (Mandanamishra) aSphotasiddhi aMadrasbUniversity of Madrasc1921 aSphotasiddhi